=LDR 00000nam 2200000 4500 =001 INLIS000000000022671 =005 20130612121415 =008 ***********************************Ind** =035 ##$$0010-061300000022671 =041 ##$$a Ind =082 ##$$a 959.807 =090 ##$$a 959.807, Sar-s =100 ##$$a Sardiman A.M =245 ##$$a Sejarah Nasional dan Sejarah Umum SMU, Drs. Sardiman A.M., Dra. Kursriyantinah =260 ##$$a 1995 $b Surabaya =300 ##$$a iii, 153 hlm., ilus., 21 cm =650 ##$$a Sejarah-Indonesia =850 ##$$a NBPNMAT